000 00423nam a2200193Ia 4500
003 IT-RoPAU
008 120407s9999 xx 000 0 und d
040 _aIT-RoPAU
040 _cIT-RoPAU
041 _aita
100 _aRaffaele Pibiri
245 _aComunità di credenti e cammino di liberazione
260 _aEdizioni Paoline
260 _c1976
300 _c cm
490 _v1
942 _cBK
999 _c21184
_d21184